000 01025nam a22002657a 4500
001 BD-DhSAU 9177
003 BD-DhSAU
005 20190421170102.0
008 150613b2011 bg a|||| m||| 00| 0 eng d
040 _aBD-DhSAU
082 _222
_a630
_bAh52
100 _aAhmad, Foysal
_eRegistration # 05-01742
245 _aPerformance of wheat genotypes at aez 28 /
_bMS thesis
_cFoysal Ahmad,
260 _aSher-e-Bangla Agricultural Uniersity :
_bDepartment of Agronomy,
_c2011.
300 _axi 53 p. :
_bill. ;
_c29 cm.
500 _aMS thesis of Department of Agronomy , Faculty of Agriculture, Sher-e-Bangla Agricultural University, Dhaka, Bangladesh
504 _aIncludes bibliographical reference.
590 _aerfat
650 _aAgronomy
650 _aPerformance of wheat genotypes at aez 28
700 _aAmin, Md Ruhul
_eSuperviser
700 _eCo-superviser
_a Sarder, Md Sadrul Anam
856 _uhttp://archive.saulibrary.edu.bd:8080/xmlui/handle/123456789/2412
942 _2ddc
_cTHESIS
999 _c9177
_d9177